Spálené krídla Košíc košické letecké nehody a katastrofy

Bibliographic Details
Main Author: Ťukot, Manfréd (Author)
Format: Book
Language:Slovak
PhysicalDescription:179 strán faksimile, fotografie, ilustrácie, portréty 21x21 cm
Published: Košice Slovenské technické múzeum - Múzeum letectva v Košiciach 2021
ISBN:9788097350369
Edition:Vydanie: prvé
Subjects:

MARC

LEADER 00000cam a2200000 4500
001 vtls012123422
003 SK-MaSNL
005 20260301104631.0
008 220215s2021 xo hoacgrn 000 0 slo
015 |a SNBA2022/04 
020 |a 9788097350369  |q (viazané) 
040 |a SNK  |b slo  |c SNK  |e rda 
041 0 |a slo  |b eng 
043 |a e-xo--- 
044 |a xo  |c SK 
072 7 |a 656.6/.7  |x Vodná a letecká doprava  |2 konspekt 
080 |a 629.7  |2 2011 
080 |a 358.4  |2 2011 
080 |a 656.7.082  |2 2011 
080 |a (437.672)  |2 2011 
080 |a (048.8)  |2 2011 
100 1 |a Ťukot, Manfréd  |4 aut  |9 370678 
245 1 0 |a Spálené krídla Košíc  |b košické letecké nehody a katastrofy  |c Manfréd Ťukot 
250 |a Vydanie: prvé 
264 1 |a Košice  |b Slovenské technické múzeum - Múzeum letectva v Košiciach  |c 2021 
300 |a 179 strán  |b faksimile, fotografie, ilustrácie, portréty  |c 21x21 cm 
336 |a text  |b txt  |2 rdacontent 
336 |a staický obraz  |b sti  |2 rdacontent 
337 |a bez média  |b n  |2 rdamedia 
338 |a zväzok  |b nc  |2 rdacarrier 
366 |e 300 kusov 
504 |a Bibliografia na strane 178 ; zoznam fotografií na strane 179 
546 |a Anglické poznámky a resumé 
648 7 |a 20.-21 storočie  |2 SNKPH  |9 443543 
648 7 |a 20th-21th centuries  |2 SNKPHeng  |9 316319 
650 0 7 |a letectvo  |2 SNKPH  |9 23632 
650 0 7 |a vojenské letectvo  |2 SNKPH  |9 69447 
650 0 7 |a letecké nehody  |2 SNKPH  |9 69420 
650 0 7 |a Aviation  |2 SNKPHeng  |9 265900 
650 0 7 |a Air forces  |2 SNKPHeng  |9 274433 
650 0 7 |a Aircraft crashes  |2 SNKPHeng  |9 324462 
651 7 |a Košice (Slovensko)  |2 SNKPHgeo  |9 18694 
651 7 |a Košice (Slovakia)  |2 SNKPHeng  |9 265902 
655 7 |a prehľady  |2 SNKPH  |9 70194 
655 7 |a Surveys  |2 SNKPHeng  |9 266058 
919 |a 978-80-973503-6-9 
958 |a NB 
999 |c 698686  |d 700616 
952 |a SNK  |b SNK  |y VYP  |7 0  |p 17A1490920  |o snkSC 196715 D1  |i snk2022/9307  |8 0  |0 0  |1 0  |4 0  |d 2022-06-08  |l 0  |r 2026-02-23 20:49:35  |w 2026-02-23 
952 |a SNK  |b SNK  |y PREZ  |7 0  |p 17A1481177  |o snkSC 196715  |i snk2022/4782  |8 0  |0 0  |1 0  |4 0  |d 2022-03-25  |f 1  |l 0  |r 2025-10-16 00:00:00  |w 2026-02-23